| 000 | 01413cam a2200397 i 4500 | ||
|---|---|---|---|
| 001 | 18778543 | ||
| 003 | OSt | ||
| 005 | 20240118104125.0 | ||
| 008 | 150911t20152015ii b 000 0 eng | ||
| 010 | _a 2015361619 | ||
| 020 | _a9788178244594 | ||
| 025 | _aI-E-2015361619 | ||
| 037 | _bLibrary of Congress -- New Delhi Overseas Office | ||
| 040 |
_aDLC _beng _cDLC _erda _dDLC |
||
| 042 | _alcode | ||
| 043 | _aa-ii--- | ||
| 050 | 0 | 0 |
_aGF13.3.I4 _bR36 2015 |
| 082 |
_a304.20954 _bRAN/N |
||
| 100 |
_aRangarajan, Mahesh _eauthor. _92896 |
||
| 245 | 1 | 0 |
_aNature and nation : _bessays on environmental history / _cMahesh Rangarajan. |
| 264 | 1 |
_aRanikhet : _bPermanent Black in association with Ashoka University, _c[2015] |
|
| 264 | 2 |
_aIndia : _bOrient Blackswan |
|
| 264 | 4 | _c©2015 | |
| 300 |
_axiii, 346 pages ; _c22 cm. |
||
| 336 |
_atext _btxt _2rdacontent |
||
| 337 |
_aunmediated _bn _2rdamedia |
||
| 338 |
_avolume _bnc _2rdacarrier |
||
| 490 | 0 | _aAshoka University history series | |
| 504 | _aIncludes bibliographical references. | ||
| 650 | 0 |
_aHuman ecology _zIndia _xHistory. |
|
| 651 | 0 |
_aIndia _xEnvironmental conditions _xHistory. |
|
| 710 | 2 |
_aAshoka University, _eissuing body. |
|
| 906 |
_a7 _bcbc _corigode _d3 _encip _f20 _gy-gencatlg |
||
| 942 |
_2ddc _cBK _h304.20954 _iRAN/N _k304.20954 _mRAN/N |
||
| 999 |
_c43873 _d43873 |
||